The semiconductor chip and the law : a legislative history of the Semiconductor Chip Protection Act of 1984 /

Bibliographic Details
Main Author: Reams, Bernard D., Jr., 1943-
Corporate Author: United States
Format: Book
Language:English
Published: Buffalo, N.Y. : W.S. Hein, 1986.
Subjects:

MARC

Tag First Indicator Second Indicator Subfields
LEADER 00000cam a2200000 a 4500
001 in00000025695
005 20170211063112.0
008 860626s1986 nyu b 00010 eng
010 |a  86081367  
020 |a 0899414672 (set) :  |c $75.00 
035 |a (OCoLC)13859222 
035 |9 AAB5068AM 
040 |a DLC  |c DLC  |d m/c  |d TXA  |d UtOrBLW 
043 |a n-us--- 
049 |a TXAM  |v 1 [A11073233]  |v 2 [A11073283] 
050 0 0 |a KF3065.A313  |b A15 1986 
082 0 |a 346.7304/82  |a 347.306482  |2 19 
100 1 |a Reams, Bernard D.,  |c Jr.,  |d 1943- 
245 1 4 |a The semiconductor chip and the law :  |b a legislative history of the Semiconductor Chip Protection Act of 1984 /  |c by Bernard D. Reams, Jr. 
264 1 |a Buffalo, N.Y. :  |b W.S. Hein,  |c 1986. 
300 |a 2 volumes ;  |c 26 cm. 
336 |a text  |b txt  |2 rdacontent 
337 |a unmediated  |b n  |2 rdamedia 
338 |a volume  |b nc  |2 rdacarrier 
504 |a Volume 1 includes bibliography. 
610 1 0 |a United States.  |t Semiconductor Chip Protection Act of 1984. 
650 0 |a Copyright  |x Semiconductors  |z United States. 
710 1 2 |a United States.  |t Semiconductor Chip Protection Act of 1984.  |f 1986. 
999 |a MARS 
999 f f |s c64fd151-95bc-33fc-8b62-4bdc88e955fb  |i 15a0219c-f2b0-3a77-b380-3713e75c727d  |t 0 
952 f f |p normal  |a Texas A&M University  |b College Station  |c Sterling C. Evans Library  |d Evans: Library Stacks  |t 0  |e KF3065.A313 A15 1986  |h Library of Congress classification  |i unmediated -- volume  |k v.1  |m A14811073233 
952 f f |p normal  |a Texas A&M University  |b College Station  |c Sterling C. Evans Library  |d Evans: Library Stacks  |t 0  |e KF3065.A313 A15 1986  |h Library of Congress classification  |i unmediated -- volume  |k v.2  |m A14811073283 
998 f f |a KF3065.A313 A15 1986  |s v.1-v.2  |t 0  |l Evans: Library Stacks